Statistics for Biggest Cities in Deserts

Click here to take the quiz!

General Stats

  • This quiz has been taken 9,917 times
    (9,858 since last reset)
  • The average score is 8 of 14

Answer Stats

Continent Population City % Correct
Africa17.1 mCairo
87%
Asia14.0 mTehran
68%
Asia6.90 mRiyadh
67%
Asia4.15 mDubai
65%
Asia7.00 mBaghdad
63%
North America4.40 mPhoenix
63%
South America10.1 mLima
58%
Asia3.53 mDamascus
47%
Africa5.70 mKhartoum
46%
Asia25.1 mKarachi
43%
Africa5.25 mAlexandria
42%
Asia5.20 mAmman
37%
Asia4.28 mKuwait City
37%
Asia4.38 mJeddah
31%

Score Distribution

Percentile by Number Answered

Percent of People with Each Score

Your Score History

You have not taken this quiz since the last reset